Dentofacial Deformities Vol-III (Record no. 41090)

MARC details
000 -LEADER
fixed length control field 00338pam a2200145 a 4500
020 ## - INTERNATIONAL STANDARD BOOK NUMBER
Terms of availability
041 ## - LANGUAGE CODE
Language code of original
082 ## - DEWEY DECIMAL CLASSIFICATION NUMBER
Classification number 617.643
Item number EPK
100 ## - MAIN ENTRY--PERSONAL NAME
Personal name Epker,
Relator term Bruce N.,
245 ## - TITLE STATEMENT
Title Dentofacial Deformities Vol-III
Medium Textual Documents
250 ## - EDITION STATEMENT
Edition statement 2nd.
260 ## - PUBLICATION, DISTRIBUTION, ETC.
Place of publication, distribution, etc. Louis
Name of publisher, distributor, etc. Elsevier Saunders
Date of publication, distribution, etc. 2009
300 ## - PHYSICAL DESCRIPTION
Extent 1820:
Dimensions 29*22.
930 ## - EQUIVALENCE OR CROSS-REFERENCE-UNIFORM TITLE HEADING [LOCAL, CANADA]
Uniform title 1688
Holdings
Withdrawn status Lost status Damaged status Not for loan Collection Home library Current library Date acquired Source of acquisition Total Checkouts Full call number Barcode Date last seen Copy number Price effective from Koha item type
          Dental College & Hospital, Pune Dental College & Hospital, Pune 04/12/2010 Bharati Mad. Sahakari Grahak Bhandar   617.643 EPK DCP-5460 24/02/2023 1 24/02/2023 Book